000 00524nam a2200169 4500
999 _c510129
_d510129
008 190728b ||||| |||| 00| 0 eng d
100 _aSharma, Rajneesh
_97482
245 _aDams, displacement and agonies of people: a study of Chamera dam project in Himachal Pradesh
260 _c2019
300 _ap.47-60.
650 _aDisplacement
_97483
650 _aResettlement
_97484
650 _aChamera Dam Project
_97485
773 _aMan and Development
906 _aDams - India - Himachal Pradesh
942 _2ddc
_cAR